| 000 | 00000nas 2200000zi 4500 |
| 001 | 9.939186 |
| 003 | CaOODSP |
| 005 | 20240628100522 |
| 006 | m o d f |
| 007 | cr ||||||||||| |
| 008 | 240610d19861987nsctr p o f0###a0eng|d |
| 022 | |y0831-182X |
| 040 | |aCaOODSP|beng|erda|cCaOODSP |
| 043 | |an-cnm--|an-cn-nf |
| 086 | 1 |aEn2-6E-PDF |
| 245 | 00|aAtlantic envirogram. |
| 246 | 10|aEnvirogram |
| 264 | 1|aDartmouth, Nova Scotia : |bCommunications Services, Environment Canada, Atlantic Region, |c1986-1987. |
| 310 | |aThree times a year |
| 336 | |atext|btxt|2rdacontent |
| 337 | |acomputer|bc|2rdamedia |
| 338 | |aonline resource|bcr|2rdacarrier |
| 362 | 0 |aNo. 13 (April/May 1986)-no. 16 (April/May 1987). |
| 500 | |aDigitized edition from print [produced by Environment and Climate Change Canada]. |
| 588 | |aDescription based on: No. 15 (January 1987). |
| 588 | |aLatest issue consulted: No. 16 (April/May 1987). |
| 650 | 0|aEnvironmental policy|zAtlantic Provinces|vPeriodicals. |
| 650 | 6|aEnvironnement|xPolitique gouvernementale|zProvinces de l'Atlantique|vPériodiques. |
| 655 | 7|aPériodiques|2rvmgf |
| 655 | 7|aPeriodicals|2lcgft |
| 710 | 1 |aCanada.|bEnvironment Canada. |bAtlantic Region, |eissuing body. |